| 000 | 00315cam a22001097a 4500 | ||
|---|---|---|---|
| 008 | 180718b2000 xxu||||| |||| 00| 0 eng d | ||
| 020 | _a81 8143 358 0 | ||
| 100 | _aLimbale, Sharan Kumar | ||
| 245 |
_aDalit sahitya ka soundarya _cby Sharan Kumar Limbale |
||
| 260 |
_aNew Delhi _bVani Prakashan _c2000 |
||
| 300 | _a178p. | ||
| 999 |
_c439010 _d439010 |
||